000 00686nam a2200229 a 4500
001 36313
003 BD-RjUL
005 20211209052453.0
008 190212s1840 enk 000 0 eng
035 _a(BD-RjUL)36410
040 _aDLC
_cMNU
_beng
_dBD-RjUL
041 _aeng
043 _aa-ii---
082 _223
_a330.954
_bROE 1840
100 1 _aRoyle, J. Forbes
_q(John Forbes),
_d1798-1858.
_9228142
245 1 0 _aEssay on the productive resources of India /
_cby J. F. Royle.
260 _aLondon :
_bWm. H. Allen,
_c1840.
300 _ax, 451 p. ;
_c24 cm.
504 _aIncludes bibliographcal references.
651 0 _aIndia
_xEconomic conditions.
_9228143
942 _2ddc
_cRAR
999 _c36313
_d36313